Veľký sviatok poézie

Bibliographic Details
Main Author: Balco, Július, 1948-2021 (Author)
Format: Article
Language:Slovak
Subjects:

MARC

LEADER 00000nab a2200000 a 4500
001 vtls012235011
003 SK-MaSNL
005 20260304020446.0
008 230714c2013 xo ||||||| |00 ||slo
015 |a SNBRB 
040 |a SNKBUCL  |b slo  |c SNKBUCL  |e AACR2 
041 0 |a slo 
044 |a xo  |c SK 
100 1 |a Balco, Július,  |d 1948-2021  |4 aut  |9 92993 
245 1 0 |a Veľký sviatok poézie  |c Július Balco 
600 1 7 |a Moravčík, Štefan,  |d 1943-  |2 SNKMA  |9 98697 
655 7 |a glosy  |2 SNKPH  |9 28645 
773 0 |t Slovenské pohľady  |g Roč. IV.+129, č. 12 (2013), s. 81 
852 |a Slovenská národná knižnica 
954 |a beletria pôvodná (slovenská)  |2 lita 
999 |c 2598950  |d 2600880